Changes in the Labour Market in the Regions of Slovakia

Komplexné zhodnotenie zmien na trhu práce v regiónoch Slovenska pomocou viacrozmerných štatistických metód. Vplyv technologického pokroku na trh práce. Pandémia COVID-19 a jej vplyv na trh práce na Slovensku.

Na minha lista:
Detalhes bibliográficos
Autor principal: Jašková, Dana
Formato: Capítulo de Livro
Idioma:inglês
Assuntos:
Tags: Adicionar Tag
Sem tags, seja o primeiro a adicionar uma tag!

MARC

LEADER 00000naa a2200000 4500
001 0278991
005 20211011142327.1
041 0 |a eng 
044 |a SK 
245 1 0 |a Changes in the Labour Market in the Regions of Slovakia  |c Dana Jašková 
520 |a Komplexné zhodnotenie zmien na trhu práce v regiónoch Slovenska pomocou viacrozmerných štatistických metód. Vplyv technologického pokroku na trh práce. Pandémia COVID-19 a jej vplyv na trh práce na Slovensku. 
610 2 0 |a trh práce 
610 2 0 |a Slovensko 
610 2 0 |a regióny 
610 2 0 |a sily pracovné 
610 2 0 |a metódy štatistické 
610 2 0 |a pokrok technologický 
610 2 0 |a koronavírus 
100 1 |a Jašková, Dana